Vzdialené ovládanie a telemetria robotickej platformy s využitím ROS

Guardado en:
Detalles Bibliográficos
Autor principal: Jakubják, Peter (Autor)
Otros Autores: Kocúr, Michal (Orientador)
Formato: Manuscrito Libro
Lenguaje:eslovaco
Publicado: Bratislava : STU v Bratislave FEI, 2021
Materias:
Acceso en línea:https://opac.crzp.sk/?fn=detailBiblioForm&sid=38F43C5054BC4F7F2EBECEF31F28&seo=CRZP-detail-kniha
Etiquetas: Agregar Etiqueta
Sin Etiquetas, Sea el primero en etiquetar este registro!

MARC

LEADER 00000ntm a22000003a 4500
001 stuzp82581
003 SK-STU
005 20210715095031.8
007 ta
008 150427s2015----xo-----f-mn---000-0-slo-d
040 |a STU  |b slo 
041 0 |a slo 
044 |a xo 
100 1 |a Jakubják, Peter  |u 030400  |4 aut  |U FEI Fakulta elektrotechniky a informatiky  |U FEI Fakulta elektrotechniky a informatiky  |T FEI Ústav automobilovej mechatroniky  |X 97978  |U E400  |Y 642  |7 97978 
242 0 1 |a Remote monitoring and control of robots using ROS  |y eng 
245 1 0 |a Vzdialené ovládanie a telemetria robotickej platformy s využitím ROS 
260 |a Bratislava : 
260 |b STU v Bratislave FEI, 
260 |c 2021 
300 |a 46 s., príl. 
650 4 |a telemetria  |2 slo 
650 4 |a vzdialené ovládanie  |2 slo 
650 4 |a ROS  |2 slo 
650 4 |a komunikačný kanál  |2 slo 
650 4 |a robot  |2 slo 
650 4 |a telemetry  |2 eng 
650 4 |a remote control  |2 eng 
650 4 |a ROS  |2 eng 
650 4 |a topic  |2 eng 
650 4 |a robot  |2 eng 
700 1 |a Kocúr, Michal  |u 030400  |k Z1  |4 ths  |U FEI Fakulta elektrotechniky a informatiky  |U FEI Fakulta elektrotechniky a informatiky  |T FEI Ústav automobilovej mechatroniky  |X 55800  |U E400  |Y 642  |7 A000055800 
856 4 |u https://opac.crzp.sk/?fn=detailBiblioForm&sid=38F43C5054BC4F7F2EBECEF31F28&seo=CRZP-detail-kniha